The guest of Quesnay /

Saved in:
Bibliographic Details
Main Author: Tarkington, Booth, 1869-1946.
Format: Book
Language:English
Published: New York : Scribner's, 1917, c1908.
Tags: Add Tag
No Tags, Be the first to tag this record!
LEADER 00670nam a2200193Ii 4500
001 003699862-1
005 20020606093309.7
008 790711c19171908nyuaf 000 1 eng d
035 0 |a ocm05159362 
040 |a AZU  |c AZU  |d m.c.  |d HLS 
050 4 |a PS2972  |b .G8 1917 
090 |a PS2972  |b .G8 1917 
100 1 |a Tarkington, Booth,  |d 1869-1946. 
245 1 4 |a The guest of Quesnay /  |c by Booth Tarkington. 
260 |a New York :  |b Scribner's,  |c 1917, c1908. 
300 |a 321 p., [4] leaves of plates :  |b ill. ;  |c 20 cm. 
776 0 8 |i Online version:  |a Tarkington, Booth, 1869-1946.  |t Guest of Quesnay.  |d New York : Scribner's, 1917, ©1908  |w (OCoLC)612485655 
988 |a 20020608 
906 |0 OCLC